00614 a2200181 4500020001500000020001800015082001000033090001500043100001900058245003600077260004900113300002100162700001900183856008200202942002400284999001700308952010700325 a1607962381 a9781607962380 a536.7 c1080d10801 aFermi, Enrico.10aThermodynamics /cEnrico Fermi. a[S.l.] :bwww.snowballpublishing.com,c1956. a172 p. ;c23 cm. aFermi, Enrico.403Amazon.comuhttp://www.amazon.com/exec/obidos/ASIN/1607962381/chopaconline-20 aSNScBKk536.7 FER c29697d29697 00104070aSNSbSNSd2016-05-26l4m3o536.7 FERpSNS0001661r2024-05-29s2024-04-03w2016-05-26yBK